| 000 | 00000nam##2200000za#4500 |
| 001 | 9.669149 |
| 003 | CaOODSP |
| 005 | 20240209132423 |
| 007 | ta |
| 008 | 150407|2007||||xxc||||| f|0| 0 eng|d |
| 020 | |a978-0-662-05056-8 |
| 040 | |aCaOODSP|beng |
| 041 | |aeng |
| 041 | |afre |
| 043 | |an-cn--- |
| 086 | 1 |aIu89-4/28-1-2007 |
| 110 | 2 |aAtlantic Canada Opportunities Agency. |
| 245 | 10|aInvesting in women in business - [New Brunswick] |
| 260 | |aMoncton - New Brunswick : |bAtlantic Canada Opportunities Agency |c[2007]. |
| 300 | |a1 sheet (English text, [1]p.) : |bphotographs ; |c28 cm. |
| 500 | |aAt head of title: Women in Business Initiative. |
| 563 | |aPamphlet |
| 590 | |a08-03|b2008-01-18 |
| 690 | 07|aAtlantic provinces|2gcpds |
| 690 | 07|aBusiness services|2gcpds |
| 690 | 07|aWomen workers|2gcpds |
| 776 | 0#|tInvestir dans les femmes en affaires - [Nouveau-Brunswick] |w(CaOODSP)9.638185 |
| 776 | 0#|tInvesting in women in business - [New Brunswick] |w(CaOODSP)9.694002 |
| 792 | |tInvestir dans les femmes en affaires - [Nouveau-Brunswick] |efre|w(CaOODSP)9.669150 |
| 986 | |aACOA: 2007-09 |